000
00214 a2200085 4500
020
_a
7506282194
082
_a
005.369 GEO
245
_a
SPSS 13.0 : SPSS for Windows Step by Step
260
_a
ASIA
_b
Pearson Education
_c
2005
300
_a
386 .
_c
25 cm
999
_c
157
_d
157